000
00309 a2200109 4500
245
_a
Hidden dimensions of Murambatsvina in Zimbabwe
_h
print
020
_a
9780798302166
650
_a
ZIMBABWE HISTORY 2000
005
20191021095430.0
260
_a
aa
_b
Africa Institute of South Africa
_c
2008
084
_a
NONE
999
_c
12230
_d
12230